00936cam a22002298i 4500001000500000005001700005020004200022040002300064050002000087082001300107100002100120245014500141260003800286300005200324490003800376505000800414520017200422521002400594521002000618650003800638700003000676382720240515135602.0 a9780531213087 (pbk. : alkaline paper) aDLCbengcDLCerda00aTK6570.M6b201500a621.38451 aPipe, Jimd1966-10aYou wouldn't want to live without cell phones! /cwritten by Jim Pipe ; illustrated by Rory Walker ; created and designed by David Salariya. aNew York : bScholastic ; c2015  a32 pages :bcolor illustrations : map ;c25 cm.0 aYou wouldn't want to live without aZ  aUses humor in both text and illustrations to describe what it would be like to live without the cell phone and describes how people managed to communicate in the past. a1110 bLexile NC  aZ bRaz-Plus  0aCell phonesvJuvenile literature.1 aWalker, Roryeillustrator